000 00657nam a2200181Ia 4500
008 100917s9999 xx 000 0 und d
082 _b26788
100 _aभडभडे सुमन
245 _aस्वप्न मंजूषा (आवृत्ती 1 ली)
260 _bसौ. जयश्री अुपाध्याय
_c1975
300 _a200
365 _b12
520 _aकादंबरी
630 _aस्वप्न मंजूषा (आवृत्ती 1 ली)
650 _aकादंबरी
730 _aस्वप्न मंजूषा (आवृत्ती 1 ली)
942 _cBOOK
999 _c632182
_d632179